An archaeological survey of a water supply line in northern Navarro and southern Ellis Counties, Texas /

Bibliographic Details
Main Author: Moore, William E., 1943-
Corporate Authors: Brazos Valley Research Associates, Texas Antiquities Committee
Format: Book
Language:English
Published: Bryan, Tex. : Brazos Valley Research Associates, [2003]
Series:Contract reports (Brazos Valley Research Associates) ; no. 113.
Subjects:

MARC

Tag First Indicator Second Indicator Subfields
LEADER 00000cam a2200000Ia 4500
001 in00002071941
005 20151101184548.0
008 030828s2003 txuab b 000 0 eng d
035 |a (OCoLC)ocm52935228 
040 |a TXK  |c TXK  |d OCLCQ  |d TXA  |d UtOrBLW 
043 |a n-us-tx 
049 |a TXAM 
090 |a F392.N3  |b M66 2003 
100 1 |a Moore, William E.,  |d 1943- 
245 1 3 |a An archaeological survey of a water supply line in northern Navarro and southern Ellis Counties, Texas /  |c author and principal investigator, William E. Moore ; prepared by Brazos Valley Research Associates. 
246 3 0 |a Water supply line in northern Navarro and southern Ellis Counties, Texas 
264 1 |a Bryan, Tex. :  |b Brazos Valley Research Associates,  |c [2003] 
300 |a iv, 13 pages, 14 unnumbered leaves :  |b illustrations, maps ;  |c 28 cm. 
336 |a text  |b txt  |2 rdacontent 
337 |a unmediated  |b n  |2 rdamedia 
338 |a volume  |b nc  |2 rdacarrier 
490 1 |a Contract report / Brazos Valley Research Associates ;  |v no. 113 
500 |a "Prepared for Rice Water Supply Corporation." 
500 |a "Texas Antiquities [Committee] permit 3037." 
500 |a "Project number BVRA 02-22." 
504 |a Includes bibliographical references (leaf 13). 
650 0 |a Archaeological surveying  |z Texas  |z Navarro County. 
650 0 |a Archaeological surveying  |z Texas  |z Ellis County. 
650 0 |a Excavations (Archaeology)  |z Texas  |z Navarro County. 
650 0 |a Excavations (Archaeology)  |z Texas  |z Ellis County. 
651 0 |a Navarro County (Tex.)  |x Antiquities. 
651 0 |a Ellis County (Tex.)  |x Antiquities. 
710 2 |a Brazos Valley Research Associates. 
710 2 |a Texas Antiquities Committee. 
830 0 |a Contract reports (Brazos Valley Research Associates) ;  |v no. 113. 
994 |a C0  |b TXA 
948 |a cataloged  |b h  |c 2005/6/27  |d c  |e rrojas 
999 |a MARS 
999 f f |s ccb8ad7b-7dd8-3eba-bd0b-20426bf3a086  |i a4c5d326-49d6-3a10-9e1b-d8b049bfe61c  |t 0 
952 f f |p ric  |a Texas A&M University  |b Rellis Campus  |c Joint Library Facility  |d Remote Storage  |t 0  |e F392.N3 M66 2003  |h Library of Congress classification  |i unmediated -- volume  |m A14828854179 
998 f f |a F392.N3 M66 2003  |t 0  |l Remote Storage